| 000 | 00555nam a2200193 i 4500 | ||
|---|---|---|---|
| 001 | bgj | ||
| 100 | 1 | _aGOWER, Roger | |
| 245 | 1 | 0 |
_aTeaching Practice Handbook / _cRoger Gower ; Diane Philips ; Steve Walters. |
| 260 |
_aOxford : _bHeinemann, _c1995. |
||
| 300 |
_aVIII, 215 pp : _bill. ; _c25 cm. |
||
| 505 | _aIncludes glossary and index. | ||
| 650 | 9 |
_aLanguage and languages _xStudy and teaching |
|
| 020 | _a0435240595 | ||
| 040 | _cBPK | ||
| 041 | 0 | _aeng | |
| 920 | _a0-435-24059-5 | ||
| 942 | _cKS | ||
| 008 | s uk f |000 0 eng | ||
| 999 |
_c48079 _d48079 |
||
| 856 |
_uhttp://koha.tu.koszalin.pl/cgi-bin/koha/opac-detail.pl?biblionumber=48079 _yKatalog online BPK |
||